Normal view
MARC view
- أسواق المال - البورصات - مؤتمرات
Entry Topical Term
001 - CONTROL NUMBER
- control field: 46406
003 - CONTROL NUMBER IDENTIFIER
- control field: JO-AjAnu
005 - DATE AND TIME OF LATEST TRANSACTION
- control field: 20230606081653.0
008 - FIXED-LENGTH DATA ELEMENTS
- fixed length control field: 230606|| aca||aabn | a|a d
040 ## - CATALOGING SOURCE
- Original cataloging agency: JO-AjAnu
- Transcribing agency: JO-AjAnu
150 ## - HEADING--TOPICAL TERM
- Topical term or geographic name entry element: أسواق المال - البورصات - مؤتمرات
670 ## - SOURCE DATA FOUND
- Source citation: Work cat.: (JO-AjAnu)23753: كلية الشريعة والقانون، جامعة الامارات العربية المتحدة, author 46405, بحوث المؤتمر العلمي السنوي الخامس عشر: مؤتمر أسواق الأوراق المالية والبورصات: آفاق وتحديات 16-18 صفر 1428 الموافق 6-87 مارس 2007 غرفة صناعة وتجارة دبي، الجزء الخامس